|
|
|
|
| LEADER |
00000nam0a2200000 4500 |
| 001 |
219888 |
| 005 |
20231031195228.0 |
| 020 |
|
|
|a RU
|b 89-83799
|
| 035 |
|
|
|a (RuTPU)RU\TPU\book\239992
|
| 090 |
|
|
|a 219888
|
| 100 |
|
|
|a 20120726d1989 m y0rusy5003 ca
|
| 101 |
0 |
|
|a rus
|
| 102 |
|
|
|a RU
|
| 105 |
|
|
|a y z 001zy
|
| 200 |
1 |
|
|a Резервы снижения себестоимости
|e учебное пособие
|f Э. А. Гончарова
|g Ленинградский финансово-экономический институт им. Н. А. Вознесенского (ЛФЭИ)
|
| 210 |
|
|
|a Ленинград
|c Изд-во ЛФЭИ
|d 1989
|
| 215 |
|
|
|a 74,[1] с.
|
| 333 |
|
|
|a Исключено из фонда НТБ ТПУ
|
| 700 |
|
1 |
|a Гончарова
|b Э. А.
|g Эмилия Алексеевна
|
| 712 |
0 |
2 |
|a Ленинградский финансово-экономический институт им. Н. А. Вознесенского (ЛФЭИ)
|c (1930-1991)
|
| 801 |
|
0 |
|a RU
|b RuMRKP
|c 19950417
|g psbo
|
| 801 |
|
1 |
|a RU
|b 63413507
|c 20120726
|
| 801 |
|
2 |
|a RU
|b 63413507
|c 20220412
|g RCR
|
| 942 |
|
|
|c BK
|